Epharmogé elegkhoy asaphoys logikés se élektronika ischyos kai systémata odégésés élektrikón kinétéron Leonardo da Vinci

Bibliographic Details
Main Author: Kaletsanos, Athanasios (Author, Illustrator)
Corporate Author: Technická univerzita v Košiciach (vyd)
Other Authors: Manias, Stefanos N. (Illuminator)
Format: Book
Language:Greek, Modern (1453- )
PhysicalDescription:v, 61 s. grafy, sch., tab. 24 cm
Published: Košice Mercury 2001
ISBN:8089061435
Subjects:

MARC

LEADER 00000nam a2200000 a 4500
001 vtls001433655
003 SK-MaSNL
005 20260331204154.0
008 160415s2001 xo aad r 0yy0 gre
015 |a SNBA2003/02-00436 
020 |a 8089061435 
035 |a SNK000388726 
035 |a urn:nbn:sk:snk-amk2j6 
035 |a urn:nbn:sk:snk-am005ebm 
035 |a DAE5D9C7-34D7-4282-9454-73E4FDA53173 
040 |a SNK  |b slo  |c SNK  |e AACR2 
041 0 |a gre 
044 |a xo  |c SK 
080 |a 621.382:510.6(075.4)=14  |2 2. slo 
080 |a 510.6(075.4)=14  |2 2. slo 
100 1 |a Manias, Stefanos N.  |4 ilu  |9 299859 
245 1 |a Epharmogé elegkhoy asaphoys logikés se élektronika ischyos kai systémata odégésés élektrikón kinétéron  |b Leonardo da Vinci  |c S.N. Manias, A. Kaletsanos 
260 |a Košice  |b Mercury  |c 2001 
300 |a v, 61 s.  |b grafy, sch., tab.  |c 24 cm 
500 |a Vyd. Technická univerzita Košice 
504 |a Bibliogr. s. 60-61. Res. angl. 
650 0 7 |a fuzzy logika  |x elektronika výkonová  |x texty učebné  |2 SNK  |9 464502 
655 7 |a učebnice  |2 SNK  |9 22521 
700 1 |a Kaletsanos, Athanasios  |4 aut  |4 ill  |9 464503 
710 2 |a Technická univerzita v Košiciach  |4 vyd  |9 172333 
919 |a 80-89061-43-5 
958 |a TL 
958 |a NB 
958 |a UV 
958 |a OND 
999 |c 727836  |d 729766 
952 |t P60, <03>, [BOOK], {603}  |a SNK  |b SNK  |y PREZ  |7 0  |p 17A0343125  |o snkSC 107992  |i snkKSP 5495/2002  |0 0  |1 0  |4 0  |d 2002-05-10  |f 1  |l 0  |r 2025-09-29 00:00:00  |w 2026-02-23 
952 |t P60, <04>, [BOOK], {604}  |a SNK  |b SNK  |y VYP  |7 0  |p 17A0343126  |o snkSC 107992 D1  |i snkKSP 5496/2002  |0 0  |1 0  |4 0  |d 2002-05-10  |l 0  |r 2005-01-02 00:00:00  |w 2026-02-23